000 00630nam a2200217Ii 4500
003 JO-AjNU
008 230606s9999||||xx |||||||||||||| ||und||
020 _a978-0-19-957918-1
040 _aJO-AjNU
_beng
_erda
_cJO-AjNU
041 _aeng
050 1 4 _ak1315.4.2010
100 3 _aDunn, Virginia / م.مشارك Veronica Lachkovic,
_eauthor
_91695
245 0 0 _aFamily law in practice
250 _a8 ed
264 3 1 _aNew York :Oxford University Prees ، 2010
300 _a230p
336 _atext
_btxt
_2rdacontent
337 _aunmediated
_bn
_2rdamedia
338 _avolume
_bnc
_2rdacarrier
650 4 _aFamily law
_91696
999 _aE893
_c893
_d893